| 000 | 01436nam a2200337 c 4500 | ||
|---|---|---|---|
| 003 | BLK | ||
| 005 | 20220609122951.0 | ||
| 008 | 180409b bul|||||r ||||||| ||bul|| | ||
| 010 | _aKNG00100660000 | ||
| 020 |
_a954-625-248-4 _bиздат.: ФЮТ |
||
| 040 | _aBLK | ||
| 041 |
_aBUL _cBUL |
||
| 080 |
_aПаметници на културата на историческите периоди. Археологическите паметници. Старини _b904 _x(100) _z904(100) |
||
| 100 | 1 |
_aДайнин, Жаклин _eпърви автор _958002 |
|
| 700 | 1 |
_aМечков, Венелин _eпрев. _9365716 |
|
| 139 |
_aДайнин, Жаклин _bД 13 |
||
| 245 | 1 | 0 |
_a[Сто] 100 най-забележителни археологически открития _cЖаклин Дайнин; прев. Венелин Мечков. |
| 257 | _aGBR | ||
| 260 |
_аСофия _bФЮТ _c2001 _fСофия : Д. Благоев |
||
| 300 |
_a110 с. _bс цв. ил. _c28 см |
||
| 380 | _a9 | ||
| 500 | _aОриг. загл. 100 Greatest Archeological Discoveries. - Предм. показалец. - Офс. изд. - 1 000 тир. | ||
| 650 | 4 |
_aАрхеологически паметници _9243363 |
|
| 653 | _aархеология | ||
| 653 | _aпаметници | ||
| 852 | _aЦБ ІІ 11512 | ||
| 856 | 4 |
_qpdf _u |
|
| 856 | 4 |
_qpdf _u |
|
| 942 |
_cKNG _n0 _01 |
||
| 944 |
_aCR _c01.01.2001 _kВаля_Йорданова |
||
| 944 |
_aED _c22.07.2008 _k |
||
| 999 |
_c95783 _d95783 |
||